Taxation and Funding of Nonqualified Deferred Compensation

Bibliographic Details
Main Author: Aspinwall, Marla J.
Other Authors: Goldstein, Michael G.
Format: eBook
Language:English
Published: Chicago: American Bar Association, 2012
Subjects:
Online Access:Acceso restringido

MARC

LEADER 00000nam a22000007a 4500
005 20210301205621.0
007 cr|||| ||||
008 210301s2012 us |||||s|||| 00||0 eng d
020 |a 978-1-61438-612-4 
035 |a 33083 
040 |a vLex 
090 |c 11317  |d 11317 
100 1 |a Aspinwall, Marla J. 
245 1 0 |a Taxation and Funding of Nonqualified Deferred Compensation  |h [Recurso electrn̤ico] /  |c Marla J. Aspinwall, Michael G. Goldstein 
256 |a Servicio en ln̕ea 
260 |a Chicago:  |b American Bar Association,  |c 2012 
300 |a 1 recurso electrn̤ico 
506 1 |a Disponible solo en los productos indicados  |d vLex Global  |d vLex Global (Academic Edition, excluding Law Schools)  |d vLex Global (Academic Edition, Law Schools) 
650 0 4 |a Derecho Tributario  |z Estados Unidos 
700 1 |a Goldstein, Michael G. 
740 0 |a vLex Libros (Servicio en ln̕ea) 
856 4 0 |u http://vlex.com/source/taxation-funding-nonqualified-deferred-compensation-33083  |z Acceso restringido 
942 |c BOOK 
999 0 |a Tax Law